Respiratory medicine
| Título anterior: | British journal of diseases of the chest |
|---|---|
| Autor Corporativo: | |
| Formato: | Electrónico Revista |
| Lenguaje: | inglés |
| Publicado: |
[London] :
Baillière Tindall,
©1989-
London : W.B. Saunders Oxford : Elsevier |
| Materias: | |
| Acceso en línea: | Full text available from Research Library: 01/01/2003 to 2 months ago |
MARC
| LEADER | 00000nas a2200000 a 4500 | ||
|---|---|---|---|
| 001 | ssj0009440 | ||
| 003 | WaSeSS | ||
| 005 | 20200512172242.0 | ||
| 006 | m d | ||
| 007 | cr n | ||
| 008 | 000828c19899999enkmr pss 0 a0eng c | ||
| 010 | |a 00213136 | ||
| 015 | |a GBB568646 |2 bnb | ||
| 016 | 7 | |a 012434939 |2 Uk | |
| 016 | 7 | |a 2002557-9 |2 DE-600 | |
| 022 | |a 1532-3064 |l 0954-6111 |y 0954-6111 | ||
| 035 | |a (WaSeSS)ssj0009440 | ||
| 040 | |a COU |b eng |c COU |d NSD |d OCLCQ |d DLC |d OCLCQ |d SBH |d OCLCQ |d F#A |d MUQ |d SBH |d OCLCS |d OCLCQ |d TXA |d DLC |d OCLCQ |d OPELS |d OCLCF |d VT2 |d OCLCQ |d Z5A |d OCLCO |d NLE |d BUF |d U3W |d EZC |d DKU |d WYU |d UKMGB |d AUD |d LEAUB |d NLM |d AU@ |d OCLCQ |d WaSeSS | ||
| 042 | |a nsdp |a pcc | ||
| 043 | |a e-uk--- | ||
| 050 | 4 | |a RC705 | |
| 050 | 1 | 4 | |a RC731 |b .R477 |
| 060 | 0 | 0 | |a W1 |b RE248KJ |
| 082 | 1 | 0 | |a 616 |2 13 |
| 130 | 0 | |a Respiratory medicine (Online) | |
| 210 | 0 | |a Respir. med. |b (Online) | |
| 222 | 0 | |a Respiratory medicine |b (Online) | |
| 245 | 1 | 0 | |a Respiratory medicine |h [electronic resource]. |
| 260 | |a [London] : |b Baillière Tindall, |c ©1989- | ||
| 260 | 2 | |a London : |b W.B. Saunders | |
| 260 | 3 | |3 2003- : |a Oxford : |b Elsevier | |
| 310 | |a Fifteen issues a year, |b 2019- | ||
| 321 | |a Frequency varies, |b 1989-2018 | ||
| 362 | 1 | |a Began with: Vol. 83, no. 1 (Jan. 1989). | |
| 500 | |a Published: Baillière Tindall, 1989-1993; W.B. Saunders Company Ltd., 1994-1999; Harcourt Publishers, 2000-2002; Elsevier, 2003- | ||
| 506 | |a License restrictions may limit access. | ||
| 525 | |a Some vols. have supplements and index. | ||
| 588 | |a Description based on: Vol. 83, no. 1 (June 1999); title from PDF editorial page (ScienceDirect, viewed May 14, 2010). | ||
| 588 | |a Latest issue consulted: Vol. 104, issue 5 (May 2010) (viewed May 12, 2010). | ||
| 650 | 0 | |a Chest |x Diseases |v Periodicals. | |
| 650 | 0 | |a Chest |x Diseases |z Great Britain |v Periodicals. | |
| 650 | 0 | |a Respiratory organs |x Diseases |v Periodicals. | |
| 650 | 6 | |a Appareil respiratoire |x Maladies |v Périodiques. | |
| 650 | 6 | |a Thorax |x Maladies |v Périodiques. | |
| 650 | 6 | |a Appareil respiratoire |x Maladies |x Traitement |v Périodiques. | |
| 650 | 7 | |a Chest |x Diseases. |2 fast |0 (OCoLC)fst00853831 | |
| 650 | 7 | |a Respiratory organs |x Diseases. |2 fast |0 (OCoLC)fst01095766 | |
| 650 | 1 | 7 | |a Ademhalingsorganen. |2 gtt |
| 650 | 1 | 7 | |a Ziekten. |2 gtt |
| 650 | 2 | |a Respiratory Tract Diseases |v Periodicals. | |
| 651 | 7 | |a Great Britain. |2 fast |0 (OCoLC)fst01204623 | |
| 655 | 0 | |a Electronic journals. | |
| 710 | 2 | |a British Thoracic Society. | |
| 770 | 0 | |t Respiratory medicine extra (Online) |w (DLC) 2005264514 |w (OCoLC)60663966 | |
| 770 | 0 | |t Respiratory medicine CME |w (OCoLC)229426819 | |
| 776 | 0 | 8 | |i Print version: |t Respiratory medicine |x 0954-6111 |w (DLC)sn 89038103 |w (OCoLC)19320532 |
| 780 | 0 | 0 | |t British journal of diseases of the chest |w (DLC) 2010263251 |w (OCoLC)60626052 |
| 856 | 4 | 0 | |z Full text available from Research Library: 01/01/2003 to 2 months ago |u https://search.proquest.com/publication/1216389 |